00701nam a2200217 a 450000100060000000300080000600500170001400800410003102000150007203500190008704000270010604100080013308200280014124501020016925000160027126000460028730000360033365100370036965100330040671000440043944918BD-RjUL20211209053933.0160721s2002 bg b 000 0 eng  a9840516558 a(BD-RjUL)45036 aDLCcDLCbengdBD-RjUL aeng 223a330.95492bBAN 200200aBangladesh facing the challenges of globalisation :ba review of Bangladesh's development, 2001 / aStudent ed. aDhaka :bUniversity Press Limited,c2002. axxxii, 332 p. :bill. ;c25 cm. 0aBangladeshxEconomic conditions. 0aBangladeshxEconomic policy.2 aCentre for Policy Dialogue (Bangladesh)